Mexican States by HDI - Statistics

General Stats
  • This quiz has been taken 92 times
  • The average score is 24 of 32
Answer Stats
First
Letter
State HDI % Correct
M / C Mexico City 0.845
100%
B Baja California 0.813
95%
S Sinaloa 0.808
92%
B Baja California Sur 0.810
89%
J Jalisco 0.794
86%
N Nuevo León 0.814
86%
S Sonora 0.811
86%
A Aguascalientes 0.797
84%
O Oaxaca 0.711
84%
T Tamaulipas 0.795
84%
D Durango 0.769
81%
V Veracruz 0.743
81%
Y Yucatán 0.773
81%
C Chihuahua 0.796
78%
C Coahuila 0.801
78%
Q Quintana Roo 0.789
78%
Z Zacatecas 0.772
78%
Q Querétaro 0.792
76%
C Chiapas 0.699
73%
H Hidalgo 0.766
73%
S San Luis Potosí 0.761
70%
G Guanajuato 0.761
68%
N Nayarit 0.775
68%
P Puebla 0.746
68%
M State of Mexico 0.789
68%
C Colima 0.789
65%
G Guerrero 0.711
65%
M Michoacán 0.749
65%
M Morelos 0.782
65%
T Tabasco 0.778
65%
C Campeche 0.778
57%
T Tlaxcala 0.769
57%
No matching quizzes found
Score Distribution
Percent of People with Each Score
Percentile by Number Answered
Your Score History
You have not taken this quiz